00857nam a2200241Ia 4500001000600000003000900006008004100015040001300056040001300069041001300082100001700095100002900112245007000141245006100211250001100272260001100283260001500294260004900309300005900358500014500417650002200562650003100584H5770IT-RoPAU130308s9999 xx 000 0 und d aIT-RoPAU cIT-RoPAU aITALIANO aMidolo Elena gCodice Aut. SPICS: 58246 aBroadcasting Cultures: l'informazione televisiva in Gran Bretagna bSpeciale Tg. forme e Tecniche del Giornalismo Televisivo a4a ed. aNOVARA bInterlinea c2005 [1° Ed.:1997 - Ed.Ling.Originale:1997] a"12 p. (prefazione: no ; testo: 12 [pagine: 253-264])" aRivoluzione Continua. Bbc e Itv: Culture Giornalistiche a Confronto. Struttura e Testualità€ dell'informazione televisiva in gran Bretagna. aGENERI TELEVISIVI eCodice materia Spics: 6960